Radikálov plodí ekonomická izolácia

Teroristický útok na redakciu satirického týždenníka Charlie Hebdo v Paríži. Útok moslimských radikálov. Imigranti vo Francúzsku. Skrytá diskriminácia. Atentátnik Ch. Kouachi - jeden zo stratenej generácie. Veľký problém radikalizácie spoločnosti. Imigrácia pomáha ekonomike.

Guardado en:
Detalles Bibliográficos
Autor principal: Tvardzík, Jozef
Formato: Capítulo de libro
Lenguaje:eslovaco
Materias:
Etiquetas: Agregar Etiqueta
Sin Etiquetas, Sea el primero en etiquetar este registro!

MARC

LEADER 00000naa a2200000 4500
001 0197313
005 20231113102648.9
041 0 |a slo 
044 |a SK 
245 1 0 |a Radikálov plodí ekonomická izolácia  |c Jozef Tvardzík 
520 |a Teroristický útok na redakciu satirického týždenníka Charlie Hebdo v Paríži. Útok moslimských radikálov. Imigranti vo Francúzsku. Skrytá diskriminácia. Atentátnik Ch. Kouachi - jeden zo stratenej generácie. Veľký problém radikalizácie spoločnosti. Imigrácia pomáha ekonomike. 
610 2 0 |a náboženstvo 
610 2 0 |a islam 
610 2 0 |a radikalizmus 
610 2 0 |a terorizmus 
610 2 0 |a Francúzsko 
610 2 0 |a Európa 
100 1 |a Tvardzík, Jozef